| 000 | 00773cam9a220020500 4500 | ||
|---|---|---|---|
| 001 | qce01876063 | ||
| 005 | 20190823082631.0 | ||
| 008 | 770314c19601959enkf b 001 0 eng d | ||
| 035 | _a(Sirsi) r10686 | ||
| 035 | _a(QCAT)lss01519844 | ||
| 035 | _a(UPRA)qce01876063 | ||
| 040 | _dUPRA | ||
| 100 | 1 |
_aBrinnin, John Malcolm, 1916- _dBrinnin, John Malcolm, 1916- _6A62496.1 |
|
| 245 | 1 | 4 |
_aThe third rose : _bGertrude Stein and her world / _cby John Malcolm Brinnin. |
| 260 |
_aLondon : _bWeidenfeld & Nicolson, _c1960, [c1959] |
||
| 504 | _a"A selected bibliography of the works of Gertrude Stein" : p. 413-415. | ||
| 600 | 1 | 0 |
_aStein, Gertrude, 1874-1946. _dStein, Gertrude, 1874-1946. _6S49726.1 |
| 949 |
_aPS3537.T323 _wlcc _i-2455 _mMAIN _tBOOK _lON-SHELF |
||
| 004 | 10686 | ||
| 999 |
_c138480 _d138480 |
||